[Event "BI-2013-P-00014"]
[Site "LSS email"]
[Date "2013.04.22"]
[Round "?"]
[White "Zabecki, Artur"]
[Black "Zmolil, Karel"]
[Result "0-1"]
[WhiteElo "603"]
[BlackElo "1246"]
[PlyCount "46"]
[EventDate "2013.04.25"]
[EventType "tourn (corr)"]
[EventRounds "10"]
[EventCountry "GER"]
[SourceTitle "Telechess CBM 167"]
[Source "ChessBase"]
[SourceDate "2015.07.13"]
[SourceVersion "1"]
[SourceVersionDate "2015.07.13"]
[SourceQuality "1"]

1. e4 e5 2. Nf3 Nc6 3. d4 exd4 4. Nxd4 Qf6 5. Be3 Bc5 6. c3 d6 7. b4 Bxd4 8. cxd4 Bd7 9. Bb5 Qg6 10. Rg1 Qxe4 11. Bc4 d5 12. Nc3 Qh4 13. Nxd5 Qxh2 14. f4 0-0-0 15. Qf3 Qh4+ 16. g3 Qg4 17. Qe4 Bf5 18. Be2 Qxe2+ 19. Kxe2 Bxe4 20. Nc3 Nf6 21. d5 Nxb4 22. Nb5 Bd3+ 23. Kf3 Bxb5 0-1

[Event "RN-2012-0-00445"]
[Site "LSS email"]
[Date "2012.01.30"]
[Round "?"]
[White "Zabecki, Artur"]
[Black "Lombardi, Donato"]
[Result "0-1"]
[WhiteElo "800"]
[BlackElo "834"]
[PlyCount "40"]
[EventDate "2012.01.17"]
[EventType "tourn (corr)"]
[EventRounds "6"]
[EventCountry "GER"]
[SourceTitle "Telechess CBM 157"]
[Source "ChessBase"]
[SourceDate "2013.11.12"]
[SourceVersion "1"]
[SourceVersionDate "2013.11.12"]
[SourceQuality "1"]

1. e4 e6 2. d4 d5 3. Nc3 Nf6 4. Bf4 Bb4 5. Qd3 dxe4 6. Qc4 Bxc3+ 7. bxc3 Nc6 8. Be2 Nd5 9. Bg3 0-0 10. f3 Ne3 11. Qc5 Nxc2+ 12. Kd1 Nxa1 13. Nh3 exf3 14. gxf3 Qd5 15. Qa3 e5 16. Ng5 exd4 17. Bd3 Qxg5 18. Bxc7 Qe3 19. Re1 Qxd3+ 20. Kc1 Qc2# 0-1

[Event "RN-2012-0-00445"]
[Site "LSS email"]
[Date "2012.01.30"]
[Round "?"]
[White "Zabecki, Artur"]
[Black "Venturas, Bob"]
[Result "0-1"]
[WhiteElo "800"]
[BlackElo "710"]
[PlyCount "50"]
[EventDate "2012.01.17"]
[EventType "tourn (corr)"]
[EventRounds "6"]
[EventCountry "GER"]
[SourceTitle "Telechess CBM 157"]
[Source "ChessBase"]
[SourceDate "2013.11.12"]
[SourceVersion "1"]
[SourceVersionDate "2013.11.12"]
[SourceQuality "1"]

1. e4 e5 2. Bc4 Nf6 3. Nc3 Nc6 4. Nf3 Bc5 5. Nd5 0-0 6. Ng5 Nxd5 7. Bxd5 Qxg5 8. 0-0 Qg6 9. d3 d6 10. Qf3 Bg4 11. Qg3 Be2 12. Re1 Nd4 13. b3 Qxg3 14. fxg3 Nxc2+ 15. Be3 Bxe3+ 16. Kh1 Nxa1 17. Rxa1 Bxd3 18. Re1 Bd4 19. g4 c6 20. h4 cxd5 21. exd5 Rfe8 22. Rf1 Bxf1 23. h5 Be2 24. g5 e4 25. a4 Bxh5 0-1